000 00718nam a2200229 i 4500
001 104974
003 ES-MaACL
005 20250824013342.0
007 t|
008 060602s1950 fr ||||1| fre d
080 _a808.1-82-2
100 1 _aSouriau, Etienne.
_9107574
245 1 4 _aLes deux cent mille situations dramatiques /
_cEtienne Souriau.
260 _aParis :
_bFlammarion,
_c[1950]
300 _a282 p. ;
_c19 cm.
490 1 _aBibliotheque d'esthetique
500 _aBiblioteca Jacinto Martínez Lacalle.
650 4 _aTeatro (Género literario)-
_xArte de escribir
_917295
830 0 _aBibliotheque d'esthetique
_9232672
852 _aES-MaACL
_jE-11299
_bR.138940
999 _c104974
_d104974